Library of the future. (Record no. 109013)
[ view plain ]
| 000 -LEADER | |
|---|---|
| fixed length control field | 00494nam a2200157 a 4500 |
| 005 - DATE AND TIME OF LATEST TRANSACTION | |
| control field | 20140414093836.0 |
| 008 - FIXED-LENGTH DATA ELEMENTS--GENERAL INFORMATION | |
| fixed length control field | 030619s19uu xx 00 eng d |
| 050 ## - LIBRARY OF CONGRESS CALL NUMBER | |
| Classification number | CDR 800 |
| Item number | LIB 1999 |
| 245 ## - TITLE STATEMENT | |
| Title | Library of the future. |
| 250 ## - EDITION STATEMENT | |
| Edition statement | 4th ed |
| 500 ## - GENERAL NOTE | |
| General note | Contents: Books, poems, plays, historical and religious documents, stories, essays and children's classics. |
| 520 ## - SUMMARY, ETC. | |
| Summary, etc | 5,000 literary works on one CD-ROM |
| 650 ## - SUBJECT ADDED ENTRY--TOPICAL TERM | |
| Topical term or geographic name as entry element | Literature |
| General subdivision | interactive. |
| 942 ## - ADDED ENTRY ELEMENTS (KOHA) | |
| Koha item type | Audio Visual Materials |
| Withdrawn status | Lost status | Damaged status | Home library | Current library | Shelving location | Date acquired | Source of acquisition | Total Checkouts | Full call number | Barcode | Date last seen | Price effective from | Koha item type |
|---|---|---|---|---|---|---|---|---|---|---|---|---|---|
| Luxembourg Library | Luxembourg Library | Audio Visual Material Section | 06/19/2003 | CDR 800 LIB 1999 | AV0533 | 04/14/2014 | 04/14/2014 | Audio Visual Materials |